000 01065nam a22002175i 4500
001 165080
003 ES-MaACL
005 20230906213050.0
008 020327s1863 sp |||| | spa d
040 _aCAM
_bspa
_cCAM
100 0 _aScribe, Eugène.
_9104966
245 1 4 _aLos suicidas
_b: zarzuela en un acto /
_coriginal de E. Escribe; arreglada á la escena española por Francisco Camprodon ; musica de Manuel Fernandez Caballero.
260 _aMadrid :
_b[s.n.],
_c1863 (
_fImprenta de José Rodriguez)
300 _a39 p. ;
_c17 cm.
500 _aEn port.: Representada por primera vez en el teatro de la Zarzuela en diciembre de 1862.
500 _aSolo la letra.
596 _aEn verso de la port. consta: "... galería dramática y lírica titulada El Teatro ..."
700 0 _aCamprodón, Francisco.
_934301
700 0 _aFernández Caballero, Manuel.
_949531
852 _aES-MaACL
_jF-8623(11)
_z-- Enc. pasta española, falto de la cub. original
_z-- Enc. en un vol. facticio formando parte de la col. facticia "Teatro español moderno", vol. 78
999 _c165080
_d165080